16th December (Record no. 34454)
[ view plain ]
| 000 -LEADER | |
|---|---|
| fixed length control field | 02980ngm a2200457 4500 |
| 003 - CONTROL NUMBER IDENTIFIER | |
| control field | dpl |
| 005 - DATE AND TIME OF LATEST TRANSACTION | |
| control field | 20100306111929.0 |
| 007 - PHYSICAL DESCRIPTION FIXED FIELD--GENERAL INFORMATION | |
| fixed length control field | DVD |
| 008 - FIXED-LENGTH DATA ELEMENTS--GENERAL INFORMATION | |
| fixed length control field | ||||||sp199 xxu|||||c ||| 00| 0 ng d |
| 010 ## - LIBRARY OF CONGRESS CONTROL NUMBER | |
| LC control number | DVD-006061-6066 & DVDF-006413-6415 |
| 024 ## - OTHER STANDARD IDENTIFIER | |
| Terms of availability | 69.00 |
| 035 ## - SYSTEM CONTROL NUMBER | |
| System control number | DVD-006061-6066 |
| 035 ## - SYSTEM CONTROL NUMBER | |
| System control number | DVD-006413-6415 |
| 040 ## - CATALOGING SOURCE | |
| Original cataloging agency | DPL |
| Transcribing agency | DPL |
| 082 ## - DEWEY DECIMAL CLASSIFICATION NUMBER | |
| Classification number | DVD SIXT |
| 245 ## - TITLE STATEMENT | |
| Title | 16th December |
| Statement of responsibility, etc | IDream Production Presents |
| Medium | [videorecording] DVD/ |
| 246 ## - VARYING FORM OF TITLE | |
| Title proper/short title | Sixteenth December |
| 260 ## - PUBLICATION, DISTRIBUTION, ETC. (IMPRINT) | |
| Name of publisher, distributor, etc | Eagle Home Entertainment |
| 300 ## - PHYSICAL DESCRIPTION | |
| Extent | 1 videodisc DVD; |
| Other physical details | sd., col. ; |
| Dimensions | 4 3/4 in. |
| Type of unit | DVD |
| 440 ## - SERIES STATEMENT/ADDED ENTRY--TITLE | |
| Title | Eagle Video Home Entertainment |
| 538 ## - SYSTEM DETAILS NOTE | |
| System details note | Dolby Digital 5.1 - Hindi Subtitles: English |
| 650 ## - SUBJECT ADDED ENTRY--TOPICAL TERM | |
| Topical term or geographic name as entry element | Motion Picture |
| 700 ## - ADDED ENTRY--PERSONAL NAME | |
| Personal name | Shankar, Mani |
| 700 ## - ADDED ENTRY--PERSONAL NAME | |
| Personal name | Denzongpa, Danny |
| 700 ## - ADDED ENTRY--PERSONAL NAME | |
| Personal name | Grover, Gulshan |
| 700 ## - ADDED ENTRY--PERSONAL NAME | |
| Personal name | Soman, Milind |
| 700 ## - ADDED ENTRY--PERSONAL NAME | |
| Personal name | Singh, Sushant |
| 700 ## - ADDED ENTRY--PERSONAL NAME | |
| Personal name | Sharma, Dipannita |
| 942 ## - ADDED ENTRY ELEMENTS (KOHA) | |
| Koha item type | CD-ROMs, DVDs, VHS |
| Source of classification or shelving scheme | Dewey Decimal Classification |
| Classification part | DVD |
| Call number suffix | SIXT |
| Withdrawn status | Lost status | Source of classification or shelving scheme | Damaged status | Not for loan | Home library | Current library | Date acquired | Source of acquisition | Cost, normal purchase price | Total Checkouts | Full call number | Barcode | Date last seen | Date checked out | Copy number | Cost, replacement price | Price effective from | Koha item type | Total Renewals |
|---|---|---|---|---|---|---|---|---|---|---|---|---|---|---|---|---|---|---|---|
| Dewey Decimal Classification | Central Library | Central Library | 06/03/2010 | Pioneers/1003/28-11-09/325/13-10-09 /30-11-09 | 69.00 | 25 | DVD SIXT | DVD-006061 | 06/11/2012 | 25/10/2012 | 1 | 69.00 | 06/03/2010 | CD-ROMs, DVDs, VHS | |||||
| Dewey Decimal Classification | Janak Puri | Janak Puri | 11/03/2010 | Pioneers/1099/25-12-09/325/13-10-09 /30-12-09 | 69.00 | 17 | DVD SIXT | DVD-006415 | 07/05/2013 | 23/04/2013 | 1 | 69.00 | 11/03/2010 | CD-ROMs, DVDs, VHS | 1 | ||||
| Dewey Decimal Classification | Karol Bagh | Karol Bagh | 06/03/2010 | Pioneers/1003/28-11-09/325/13-10-09 /30-11-09 | 69.00 | 7 | DVD SIXT | DVD-006066 | 26/09/2014 | 11/09/2014 | 1 | 69.00 | 06/03/2010 | CD-ROMs, DVDs, VHS | |||||
| Dewey Decimal Classification | Narela | Narela | 11/03/2010 | Pioneers/1099/25-12-09/325/13-10-09 /30-12-09 | 69.00 | 5 | DVD SIXT | DVD-006413 | 18/02/2013 | 12/02/2013 | 1 | 69.00 | 11/03/2010 | CD-ROMs, DVDs, VHS | |||||
| Dewey Decimal Classification | Patel Nagar | Patel Nagar | 06/03/2010 | Pioneers/1003/28-11-09/325/13-10-09 /30-11-09 | 69.00 | 4 | DVD SIXT | DVD-006062 | 20/07/2011 | 18/07/2011 | 1 | 69.00 | 06/03/2010 | CD-ROMs, DVDs, VHS | |||||
| Dewey Decimal Classification | R.K.Puram-8 | R.K.Puram-8 | 06/03/2010 | Pioneers/1003/28-11-09/325/13-10-09 /30-11-09 | 69.00 | 1 | DVD SIXT | DVD-006064 | 25/03/2011 | 21/03/2011 | 1 | 69.00 | 06/03/2010 | CD-ROMs, DVDs, VHS | |||||
| Dewey Decimal Classification | Sarojini Nagar | Sarojini Nagar | 06/03/2010 | Pioneers/1003/28-11-09/325/13-10-09 /30-11-09 | 69.00 | 11 | DVD SIXT | DVD-006063 | 24/11/2014 | 08/11/2014 | 1 | 69.00 | 06/03/2010 | CD-ROMs, DVDs, VHS | 1 | ||||
| Dewey Decimal Classification | Shahdara Branch | Shahdara Branch | 11/03/2010 | Pioneers/1099/25-12-09/325/13-10-09 /30-12-09 | 69.00 | DVD SIXT | DVD-006414 | 11/03/2010 | 1 | 69.00 | 11/03/2010 | CD-ROMs, DVDs, VHS | |||||||
| Dewey Decimal Classification | Vinoba Puri | Vinoba Puri | 06/03/2010 | Pioneers/1003/28-11-09/325/13-10-09 /30-11-09 | 69.00 | 5 | DVD SIXT | DVD-006065 | 10/05/2014 | 29/04/2014 | 1 | 69.00 | 06/03/2010 | CD-ROMs, DVDs, VHS |
